The caribbean, cricket and C.L.R James /
Guardado en:
| Hovedforfatter: | |
|---|---|
| Format: | Texto |
| Fag: | |
| Tags: |
Tilføj Tag
Ingen Tags, Vær først til at tagge denne postø!
|
MARC
| LEADER | 00000 a a2200000 04500 | ||
|---|---|---|---|
| 001 | 10000 | ||
| 003 | |||
| 040 | |||
| 100 | |a Beckles, Hilary McD | ||
| 245 | |a The caribbean, cricket and C.L.R James / |c Hilary McD Beckles | ||
| 650 | |a DEPORTES | ||
| 650 | |a ASPECTOS POLITICOS | ||
| 650 | |a IDENTIDAD CULTURAL | ||
| 650 | |a CARIBE | ||
| 773 | |g volumen 37, número 5; páginas 19-22 | ||
| 999 | |c 40030 |d 40030 | ||
